000 00258nam a2200097Ia 4500
008 191206s9999 xx 000 0 und d
020 _a70333467
090 _aHD31K33
245 0 _aORGANIZATION AND MANAGEMENT ;A SYSTEMS AND CONTIGENCY APPROACH
260 _cc1979
999 _c16607
_d16607